000 00748cam a2200241 a 4500
001 000012747
003 DO-SdBNP
005 20250507151337.0
008 850930s1972 sp 000 0 spa
035 _a(DLC) 72311805
040 _aDO-SdBNP
_bspa
_cBNPHU
049 _aBNGR
082 _a343.076
_bM939e
100 1 _aMozos, José Luis de los,
_d1924-2008.
_929532
245 1 0 _aEstudios de derecho agrario /
_cJosé Luis de los Mozos.
260 _aMadrid :
_bTecnos,
_c1972.
300 _a332 p. ;
_c22 cm.
490 1 _aBiblioteca tecnos de estudios jurídicos
651 0 _aDerecho agrario
_zEspaña
_987699
830 0 _aBiblioteca Tecnos de estudios jurídicos.
_928880
910 _aCatalogación por copia / LC
942 _2ddc
_cLBS1
999 _c12398
_d12398